|
|
|
|
| LEADER |
00000nam0a2200000 4500 |
| 001 |
12326 |
| 005 |
20231101204826.0 |
| 010 |
|
|
|a 0333617037
|
| 035 |
|
|
|a (RuTPU)RU\TPU\book\12402
|
| 035 |
|
|
|a BOOK00012468
|
| 090 |
|
|
|a 12326
|
| 100 |
|
|
|a 20011209d1994 m y0engy50 ba
|
| 101 |
0 |
|
|a eng
|
| 102 |
|
|
|a GB
|
| 105 |
|
|
|a y j 000zy
|
| 200 |
1 |
|
|a Mastering economics
|f J. Harvey
|
| 205 |
|
|
|a 4th ed.
|
| 210 |
|
|
|a Houndmills
|c Macmillan
|d 1994
|
| 215 |
|
|
|a 331 p.
|
| 225 |
1 |
|
|a Macmillan Master Series
|
| 606 |
1 |
|
|a Экономическая теория
|2 stltpush
|3 (RuTPU)RU\TPU\subj\26589
|9 50481
|
| 610 |
1 |
|
|a английский язык
|
| 610 |
1 |
|
|a хрестоматии
|
| 610 |
1 |
|
|a учебные пособия
|
| 610 |
1 |
|
|a книги для чтения
|
| 610 |
1 |
|
|a экономика
|
| 686 |
|
|
|a У01я73
|v LBC/SL-A
|2 rubbk
|
| 700 |
|
1 |
|a Harvey
|b J.
|g Jack
|
| 801 |
|
0 |
|a RU
|b 63413507
|c 20011209
|g PSBO
|
| 801 |
|
2 |
|a RU
|b 63413507
|c 20150908
|g PSBO
|
| 942 |
|
|
|c BK
|